It looks like you're offline.
Open Library logo
additional options menu

MARC Record from Scriblio

Record ID marc_records_scriblio_net/part14.dat:32053265:1210
Source Scriblio
Download Link /show-records/marc_records_scriblio_net/part14.dat:32053265:1210?format=raw

LEADER: 01210cam 2200289 a 4500
001 2002031355
003 DLC
005 20041229211602.0
008 020808s2003 nyua d 000 1 eng
010 $a 2002031355
020 $a0385509456
040 $aDLC$cDLC$dDLC
042 $alcac
050 00 $aPZ7.H1165$bCu 2003
082 00 $a[Fic]$221
100 1 $aHaddon, Mark.
245 14 $aThe curious incident of the dog in the night-time /$cMark Haddon.
250 $a1st ed.
260 $aNew York :$bDoubleday,$c2003.
300 $a226 p. :$bill. ;$c22 cm.
520 $aDespite his overwhelming fear of interacting with people, Christopher, a mathematically-gifted, autistic fifteen-year-old boy, decides to investigate the murder of a neighbor's dog and uncovers secret information about his mother.
650 1 $aAutism$vFiction.
650 1 $aSavants (Savant syndrome)$vFiction.
651 1 $aEngland$vFiction.
856 42 $3Contributor biographical information$uhttp://www.loc.gov/catdir/bios/random054/2002031355.html
856 41 $3Sample text$uhttp://www.loc.gov/catdir/samples/random045/2002031355.html
856 42 $3Publisher description$uhttp://www.loc.gov/catdir/description/random0415/2002031355.html